• 首页
  • 本馆介绍
  • 公告通知
  • 最新文献
  • 馆藏检索
  • 电子资源
  • 读者导购
  • 参考咨询
  • 我的图书馆
  • 登录
  • 详细信息显示
  • 放入我的书架
  • 预约/预借图书
  • 作者相关作品
  • 分类相关作品
  • 丛书相关作品
  • 出版社相关作品

书目信息

  • 表格格式
  • 工作单格式
  • 卡片格式
题名:
小学生作文辅导与文选
    
 
作者: 韩捷音 , 宋黎 总编 ;北方妇女儿童出版社 主办
分册:  
出版信息: 长春   北方妇女儿童期刊社  1987-2008
页数: 266no.
开本: 26cm
丛书名:
单 册:
中图分类: G624.24
科图分类:
主题词:
电子资源:
ISBN:
000 01263nas0 2200349 450
001 0105549577
005 20251219152841.19
010    @dCNY2.50
011    @a7-5436-0103-6@dCNY2.50(2007)@dCNY3.00(2010)@dCNY5.50(2012)
092    @aCN@b12-122
100    @a20071217b19872008cd y0chiy0120 ea
101 0  @achi
102    @aCN@b220000
106    @ar
110    @aafaz 0yy0
200 1  @a小学生作文辅导与文选@9Xiao Xue Sheng Zuo Wen Fu Dao Yu Wen Xuan @b期刊
207  0 @a1987,no.1(1987)-2008,no.12(2008,12,1) = 总1-266
210    @a长春@b吉林省长春市人民大街4646号(130021)@c北方妇女儿童期刊社@d1987-2008
215    @a266no.@d26cm
300    @a根据2007,no.5=总247著录
307    @a尺寸曾为21cm
326    @a月刊
345    @a地址:吉林省长春市人民大街4646号(130021);Tel.:(0431)85629184;E-mail:tongxin5644811@163.com
446  1 @1011 @a1671-1726@12001 @a小学生作文辅导@i五六年级适用
446  1 @1011 @a1671-1726@12001 @a小学生作文辅导@i三四年级适用
610 0  @a作文@a小学生@a课外读物
690    @aG624.24@v4
701  0 @a韩捷音@4总编@9han jie yin
701  0 @a宋黎@9song li@4主编
711 02 @a北方妇女儿童出版社@9bei fang fu Nu er tong chu ban she@4主办
801  0 @aCN@bAiZhiMarc@c20071024
905    @aBZT@dG624.24@e2@f8@sG624.24/2
    
    小学生作文辅导与文选[期刊].-1987,no.1(1987)-2008,no.12(2008,12,1) = 总1-266.-长春(吉林省长春市人民大街4646号(130021)):北方妇女儿童期刊社,1987-2008
    266no.;26cm
    根据2007,no.5=总247著录.-地址:吉林省长春市人民大街4646号(130021);Tel.:(0431)85629184;E-mail:tongxin5644811@163.com!T订购地址:*.-分成:.-、
    
    ISBN :CNY2.50
    
●
相关链接 在五车中查询图书 在当当中查询图书 在豆瓣中查询图书


正题名:小学生作文辅导与文选     索取号:G624.24/2         预约/预借

序号 登录号 条形码 馆藏地/架位号 状态 备注
1 2000036193   2000036193   旧书回溯/ [索取号:G624.24/2] 在馆    
2 2000046891   2000046891   旧书回溯/ [索取号:G624.24/2] 在馆    
3 2000091601   2000091601   旧书回溯/ [索取号:G624.24/2] 在馆    
4 2000091602   2000091602   旧书回溯/ [索取号:G624.24/2] 在馆    
5 2000091603   2000091603   旧书回溯/ [索取号:G624.24/2] 在馆    
6 2000091604   2000091604   旧书回溯/ [索取号:G624.24/2] 在馆    
7 2000107100   2000107100   旧书回溯/ [索取号:G624.24/2] 在馆    
8 2000147498   2000147498   旧书回溯/ [索取号:G624.24/2] 在馆    
山东省滨州职业学院图书馆 欢迎您!
大连网信软件有限公司© 版权所有